| 000 | 00574nam a22001937a 4500 | ||
|---|---|---|---|
| 005 | 20220728152050.0 | ||
| 008 | 220728b ||||| |||| 00| 0 eng d | ||
| 040 | _cAL | ||
| 041 | _aEnglish | ||
| 082 |
_223 _a954.05092 _bGOWH |
||
| 100 |
_aK Venkatagiri Gowda _953838 |
||
| 245 | _aH D Deve Gowda: the King of Corruption and the unmaking of India | ||
| 260 |
_aBangalore _bK Venkatagiri Gowda _c1996 |
||
| 300 |
_a74 p. _bPB _c21x13 cm. |
||
| 650 |
_aPrime Minister _953839 |
||
| 650 |
_aThe Lok Pal _953840 |
||
| 700 |
_aGOWDA (K Venkatagiri) _953841 |
||
| 942 |
_2ddc _cGF |
||
| 999 |
_c224265 _d224265 |
||